Music Quiz

Random Music or Artist Quiz
Score 0/17 Timer 06:00
0 Plays Today
Artist Single % Correct
Bobby DarinMack the Knife
88.5%
Cliff RichardLiving Doll
84.6%
Emile Ford & the CheckmatesWhat do You Want to Make those Eyes at Me For?
73.1%
Conway TwittyIt's Only Make Believe
65.4%
Adam FaithWhat Do You Want
65.4%
The PlattersSmoke Gets In Your Eyes
46.2%
Elvis PresleyI Got Stung-One Night
38.5%
Buddy HollyIt Doesn't Matter Anymore
38.5%
Bobby DarinDream Lover
34.6%
Artist Single % Correct
Jerry KellerHere Comes Summer
30.8%
Russ ConwaySide Saddle
26.9%
Russ ConwayRoulette
26.9%
Craig DouglasOnly Sixteen
26.9%
Shirley BasseyAs I Love You
23.1%
Elvis PresleyA Fool Such As I
23.1%
Cliff RichardTravellin Light
23.1%
Jane MorganThe Days the Rains Came
3.8%

You're not logged in!

Compare scores with friends on all Sporcle quizzes.
OR
Log In

Sporcle TV

Today on Sporcle TV


Watch our educational content, quiz creation guides, and fun videos on Sporcle TV.

Show Comments

Extras

Created Jan 3, 2013ReportNominate
Tags:Artist Quiz, 1959, Single

Top Quizzes Today


Score Distribution

Paid Content

Your Account Isn't Verified!

In order to create a playlist on Sporcle, you need to verify the email address you used during registration. Go to your Sporcle Settings to finish the process.

Report this User

Report this user for behavior that violates our Community Guidelines.

Details: